Discursos : (Registro nro. 32022)
[ vista simple ]
| 000 -CABECERA | |
|---|---|
| campo de control de longitud fija | 00992nam a2200205 a 4500 |
| 001 - NÚMERO DE CONTROL | |
| campo de control | 000032531 |
| 003 - IDENTIFICADOR DEL NÚMERO DE CONTROL | |
| campo de control | DO-SdBNP |
| 005 - FECHA Y HORA DE LA ÚLTIMA TRANSACCIÓN | |
| campo de control | 20240229073937.0 |
| 007 - CAMPO FIJO DE DESCRIPCIÓN FÍSICA--INFORMACIÓN GENERAL | |
| campo de control de longitud fija | ta |
| 008 - DATOS DE LONGITUD FIJA--INFORMACIÓN GENERAL | |
| campo de control de longitud fija | 110719s1951 dr r 000 0 spa d |
| 040 ## - FUENTE DE LA CATALOGACIÓN | |
| Centro catalogador/agencia de origen | DO-SdBNP |
| Lengua de catalogación | spa |
| Centro/agencia transcriptor | BNPHU |
| 082 ## - NÚMERO DE LA CLASIFICACIÓN DECIMAL DEWEY | |
| Número de clasificación | xxxx |
| Número de documento/Ítem | D611p |
| 100 1# - ENTRADA PRINCIPAL--NOMBRE DE PERSONA | |
| Nombre de persona | Trujillo Molina, Rafael Leónidas, |
| Fechas asociadas al nombre | 1891-1961 |
| 9 (RLIN) | 76764 |
| 245 10 - MENCIÓN DE TÍTULO | |
| Título | Discursos : |
| Resto del título | pronunciados por el excmo. Señor Presidente de la República, Generalísimo Doctor Rafael L. Trujillo Molina, el 17 de julio de 1951, el primero con motivo de su decisión de no ser postulado candidato presidencial para el período constitucional 1952-1957, y el segundo para agradecer el Collar de la Democracia que ofreció como tributo de reconocimiento la Juventud Universitaria del País / |
| Mención de responsabilidad, etc. | Rafael L. Trujillo Molina. |
| 260 ## - PUBLICACIÓN, DISTRIBUCIÓN, ETC. | |
| Lugar de publicación, distribución, etc. | Ciudad Trujillo, República Dominicana, : |
| Nombre del editor, distribuidor, etc. | Editora del Caribe, |
| Fecha de publicación, distribución, etc. | 1951. |
| 300 ## - DESCRIPCIÓN FÍSICA | |
| Extensión | 20 p. : |
| Dimensiones | 23 cm. |
| 590 ## - NOTA LOCAL (RLIN) | |
| Nota local | Inventariado, 2022/ YL |
| 910 ## - DATOS DE OPCIÓN DEL USUARIO (OCLC) | |
| Datos de opción del usuario | YLockward |
| 942 ## - ELEMENTOS DE PUNTO DE ACCESO ADICIONAL (KOHA) | |
| Fuente del sistema de clasificación o colocación | Dewey Decimal Classification |
| Tipo de ítem Koha | Folleto |
| Estado de retiro | Estado de pérdida | Fuente del sistema de clasificación o colocación | Restricciones de uso | No para préstamo | Código de colección | Localización permanente | Ubicación/localización actual | Ubicación en estantería | Fecha de adquisición | Número de inventario | Signatura topográfica completa | Código de barras | Fecha visto por última vez | Precio válido a partir de | Tipo de ítem Koha |
|---|---|---|---|---|---|---|---|---|---|---|---|---|---|---|---|
| Dewey Decimal Classification | Excluido de préstamo | Dominicana Folletos Raros y Valiosos | Biblioteca Nacional Pedro Henríquez Ureña | Biblioteca Nacional Pedro Henríquez Ureña | Depósito | 19.07.2011 | LF1 | xxxx D611p | 32531-10 | 25.06.2020 | 25.06.2020 | Folleto |
